LEADER 01132nam0-2200409---450- 001 990000814310203316 005 20050920111803.0 010 $a88-15-02785-8 020 $aIT 035 $a0081431 035 $aUSA010081431 035 $a(ALEPH)000081431USA01 035 $a0081431 100 $a20011220h19951995y0itay01 ba 101 $aita 102 $aIT 105 $a00||| 200 1 $aDiscorso e pensiero$fGiuseppe Mosconi 210 $aBologna$cIl mulino$h1995 215 $a341 p.$d22 cm 225 2 $aRicerca 410 0$12001$aRicerca 606 $aPensiero 676 $a153.42$v20 700 1$aMOSCONI,$bGiuseppe$0160998 801 0$aIT$bsalbc$gISBD 912 $a990000814310203316 951 $aII.3. 707(VI B COLL. 68/23)$b10468 LM$cVI B COLL. 959 $aBK 979 $aPATTY$b90$c20011220$lUSA01$h1104 979 $aPATTY$b90$c20011220$lUSA01$h1115 979 $aPATTY$b90$c20011220$lUSA01$h1118 979 $c20020403$lUSA01$h1727 979 $aPATRY$b90$c20040406$lUSA01$h1656 979 $aCOPAT6$b90$c20050920$lUSA01$h1118 996 $aDiscorso e pensiero$9202993 997 $aUNISA